Welcome to WEB OPAC of MRSPTU Central Library

The New Paradigm in Architecture (Record no. 6797)

MARC details
000 -LEADER
fixed length control field 00436nam a2200169Ia 4500
008 - FIXED-LENGTH DATA ELEMENTS--GENERAL INFORMATION
fixed length control field 230711s9999||||xx |||||||||||||| ||und||
020 ## - INTERNATIONAL STANDARD BOOK NUMBER
International Standard Book Number 0-300-09512-0
041 ## - LANGUAGE CODE
Language code of text/sound track or separate title ENG
082 ## - DEWEY DECIMAL CLASSIFICATION NUMBER
Classification number 720.9045
Item number JE-T
100 ## - MAIN ENTRY--PERSONAL NAME
Personal name Jenks,Charles
245 #4 - TITLE STATEMENT
Title The New Paradigm in Architecture
250 ## - EDITION STATEMENT
Edition statement 2nd Ed.
260 ## - PUBLICATION, DISTRIBUTION, ETC.
Date of publication, distribution, etc. 2008
Place of publication, distribution, etc. Melbourne
Name of publisher, distributor, etc. Yale University Press New Haven and London
300 ## - PHYSICAL DESCRIPTION
Extent 279p.
650 ## - SUBJECT ADDED ENTRY--TOPICAL TERM
Topical term or geographic name entry element Architecture
942 ## - ADDED ENTRY ELEMENTS (KOHA)
Koha item type Book
Holdings
Withdrawn status Lost status Damaged status Not for loan Collection Home library Current library Date acquired Source of acquisition Cost, normal purchase price Inventory number Total checkouts Full call number Barcode Date last seen Price effective from Koha item type
          MRSPTU Central Library MRSPTU Central Library   Krishna Book Distributors 40.00 KBD/2017-2018/1032743123   720.9045 JE-T 40527 08/17/2023 08/17/2023 Book

Website Designed and Developed by MRSPTU Central Library Team

E-mail Id: librarian@mrsptu.ac.in